000 00661nam a22001817a 4500
005 20251106110047.0
008 251103b |||||||| |||| 00| 0 eng d
020 _a9786214183852
082 _aDFil 363.289 P337 2025
100 _aPeckley, Miller F.
_9347
245 _aFundamentals of industrial security /
_cMiller F. Peckley.
260 _aQuezon City :
_bWiseman's Books Trading, Inc.,
_c©2025.
300 _aviii, 193 pages :
_billustrations ;
_c21 cm.
500 _aIncludes glossary, references, and appendices.
650 0 _aIndustries
_xSecurity measures.
_969254
650 0 _aPrivate security services
_xManagement.
_969255
942 _2ddc
_cDFIL
999 _c24125
_d24125